|
|
|
|
| LEADER |
00000csc a2200000 a 4500 |
| 001 |
104121 |
| 005 |
20230308212158.0 |
| 008 |
005040|1994 ||||||||r|||||||||||spa|| |
| 020 |
|
|
|a 9589082831
|
| 040 |
|
|
|b spa
|
| 041 |
1 |
|
|a spa
|
| 082 |
0 |
|
|a 728
|
| 100 |
1 |
|
|a Salas Serrano, Julián, coord.
|9 292580
|
| 245 |
|
|
|a Viviendo y construyendo
|c Programa Iberoamericano de Ciencia y Tecnología para el Desarrollo
|h imp
|
| 264 |
|
|
|a Bogotá
|b Escala
|c 1994
|
| 300 |
|
|
|a 312 páginas:
|b ilu
|c 32 cm
|
| 490 |
|
|
|a Tecnologías para viviendas de interés social
|n no.2
|
| 650 |
1 |
|
|a Viviendas
|9 33766
|
| 650 |
1 |
|
|a Viviendas de interes social
|9 1063
|
| 650 |
1 |
|
|a Sistemas constructivos
|9 118765
|
| 650 |
1 |
|
|a Vivienda latinoamericana
|9 181522
|
| 710 |
1 |
|
|a Programa Iberoamericano de Ciencia y Tecnología para el Desarrollo
|9 188393
|
| 852 |
|
|
|a UC-CDJBV
|c SEGUNDO PISO
|f Compra
|k mariana.quezada
|l 1
|m General
|p 20050404
|q 40.00
|r 2
|t 104121
|y 29778
|b 0
|d CDRC
|e CDRC
|g 728 SEGUNDO PISO
|z 2005-50-40
|
| 942 |
|
|
|
| 999 |
|
|
|c 121225
|d 121225
|